Szczegóły MARC21

Ekonomia nierówności /

003 -Nazwa inst., której nr kontr. jest w polu 001 [,]
    • @
    • Nazwa instytucji, której n kontrolny jest w polu 001
    • NUKAT
005 -DATA I CZAS OSTATNIEJ MODYFIKACJI [,]
    • @
    • pole kontrolne
    • 20241231103228.0
020 -Międzynarod. znormalizowany nr książki - ISBN [ , ]
    • a
    • Numer ISBN
    • 9788364682520 Find
040 -Instytucja sporządzająca opis [ , ]
    • a
    • Instytucja, która sporządziła opis (NP)
    • KAT U/25JS
    • c
    • Instytucja, która sporządziła rekord (NP)
    • KAT U/25JSs
    • d
    • Instytucja, która zmodyfikowała rekord (P)
    • KAT U/25ET
    • d
    • Instytucja, która zmodyfikowała rekord (P)
    • KR U/42MSs
    • d
    • Instytucja, która zmodyfikowała rekord (P)
    • WR O/KP
    • d
    • Instytucja, która zmodyfikowała rekord (P)
    • WA LAZ/DS
041 -Język dokumentu [1, ]
    • a
    • Język tekstu (P)
    • polski
    • h
    • Język tekstu oryginalnego i/lub pośredniego (P)
    • francuski
942 -Rodzaj dokumentu [ , ]
    • c
    • Rodzaj dokumentu
    • Książka
100 -Hasło główne - nazwa osobowa [1, ]
    • a
    • Nazwa osobowa (NP)
    • Piketty, Thomas
    • d
    • Daty biograficzne (NP)
    • (1971- ).
    • 9
    • KHW
    • 86954
245 -Strefa tytułu i oznaczenia odpowiedzialności [1,0]
    • a
    • Tytuł
    • Ekonomia nierówności / Find
    • c
    • Pozostałe elementy strefy tytułu i oznaczenia odpowiedzialności (NP)
    • Thomas Piketty ; przekład Andrzej Bilik.
260 -Strefa adresu wydawniczego [ , ]
    • a
    • Miejsce wydania (P)
    • Warszawa :
    • b
    • Nazwa wydawcy (P)
    • Wydawnictwo Krytyki Politycznej,
    • c
    • Data wydania (P)
    • 2015.
300 -Strefa opisu fizycznego [ , ]
    • a
    • Określenie formy książki i/lub objętość (NP)
    • 182, [1] s. :
    • b
    • Oznaczenie ilustracji (NP)
    • il. ;
    • c
    • Format (NP)
    • 21 cm.
336 -Typ zawartości [ , ]
    • a
    • Termin opisujący typ zawartości
    • Tekst
    • b
    • Kod określający zawartość
    • txt
    • 2
    • Źródło (terminu i kodu)
    • rdacontent
337 -Typ mediów [ , ]
    • a
    • Tryb odtwarzania
    • Bez urządzenia pośredniczącego
    • b
    • Kod typu mediów
    • n
    • 2
    • Źródło (terminu i kodu)
    • rdamedia
338 -Typ/rodzaj nośnika [ , ]
    • a
    • Hasło opisujące typ nośnika
    • Wolumin
    • b
    • Kod typu nośnika
    • nc
    • 2
    • Źródło (terminu i kodu)
    • rdacarrier
504 -Uwaga dot. bibliogr. załącznikowej [ , ]
    • a
    • Uwaga dot. bibliografii załącznikowej
    • Bibliogr. s. 171-179. Indeks.
530 -Uwaga dot. innej postaci fizycznej dokumentu [ , ]
    • a
    • Uwaga dot. innej postaci fizycznej dokumentu
    • Książka dostępna także jako e-book.
080 -Uniwersalna Klasyfikacja Dziesiętna [ , ]
    • 2
    • Identyfikator wydania tablic
    • UDC-P058
    • 9
    • UKD
    • 2963
    • a
    • Symbol klasyfikacji
    • 330.342.14
    • b
    • Dopowiedzenie
    • Gospodarka kapitalistyczna. Ekonomia polityczna kapitalizmu.
080 -Uniwersalna Klasyfikacja Dziesiętna [ , ]
    • 2
    • Identyfikator wydania tablic
    • UDC-P058
    • 9
    • UKD
    • 2885
    • a
    • Symbol klasyfikacji
    • 323.38
    • b
    • Dopowiedzenie
    • Stosunki między klasami społecznymi. Pojęcie klasy społecznej. Struktura klasowa kapitalizmu. Walka i współpraca klas społecznych.
650 -Hasło przedmiotowe [ ,7]
    • a
    • Hasło przedmiotowe
    • Nierówność społeczna.
    • 2
    • Źródło terminu
    • kaba
    • 9
    • KHW
    • 142744
650 -Hasło przedmiotowe [ ,7]
    • a
    • Hasło przedmiotowe
    • Podział dochodu.
    • 2
    • Źródło terminu
    • kaba
    • 9
    • KHW
    • 124320
650 -Hasło przedmiotowe [ ,7]
    • a
    • Hasło przedmiotowe
    • Kapitał.
    • 2
    • Źródło terminu
    • kaba
    • 9
    • KHW
    • 113953
650 -Hasło przedmiotowe [ ,7]
    • a
    • Hasło przedmiotowe
    • Ekonomika pracy.
    • 2
    • Źródło terminu
    • kaba
    • 9
    • KHW
    • 107463
980 -Symbol UKD [ , ]
    • a
    • UKD
    • 330.342.14:323.38
700 -Hasło dodatkowe - nazwa osobowa [1, ]
    • a
    • Nazwa osobowa (NP)
    • Bilik, Andrzej Find
    • d
    • Daty biograficzne (NP)
    • (1939-2023).
    • e
    • Określenie rodzaju współpracy
    • Tł.
    • 9
    • KHW
    • 67420
710 -Hasło dodatkowe - nazwa ciała zbiorowego [2, ]
    • a
    • Nazwa ciała zbiorowego lub nazwa geograficzna jako pierwszy element (NP)
    • Wydawnictwo Krytyki Politycznej.
    • 4
    • Kod relacji
    • pbl
    • 9
    • KHW
    • 56873
856 -Dostęp do wersji elektronicznej [4,1]
    • z
    • Uwaga
    • Dostęp dla użytkowników posiadających hasło do bazy ibuk.pl
920 -ISBN [ , ]
    • a
    • ISBN
    • 978-83-64682-52-0 Find
Status udost. Numer inwentarzowy Data inwentaryzacji Lokalizacja
-2E.762682016-01-20BE
-3WM.182352015-10-30BG
-3WM.182362015-10-30BG